[Event "Cheliabinsk Panchenko Memorial op-A"]
[Site "Cheliabinsk"]
[Date "2022.09.15"]
[Round "4"]
[White "Yeritsyan, Hayk"]
[Black "Bobylev, Nikita"]
[Result "1-0"]
[WhiteElo "2231"]
[BlackElo "2033"]
[PlyCount "97"]
[EventDate "2022.09.12"]
[EventType "swiss"]
[EventRounds "10"]
[EventCountry "RUS"]
[SourceTitle "CBM 210 Extra"]
[Source "ChessBase"]
[SourceDate "2022.11.30"]
[SourceVersion "1"]
[SourceVersionDate "2022.11.30"]
[SourceQuality "1"]

1. c4 Nf6 2. Nc3 e6 3. e4 d6 4. d4 c5 5. Nf3 Be7 6. dxc5 dxc5 7. Qxd8+ Bxd8 8. Be3 Ba5 9. 0-0-0 Bxc3 10. bxc3 b6 11. e5 Ng4 12. Bg5 Nd7 13. Bh4 Bb7 14. Bg3 h5 15. h3 Bxf3 16. gxf3 Nh6 17. Bf4 Nf5 18. Bd3 Nf8 19. Be4 Rc8 20. Bc2 Ng6 21. Ba4+ Kf8 22. Bh2 Ngh4 23. Rd3 Kg8 24. Rg1 Kh7 25. Rg5 Rhd8 26. Bc2 g6 27. Rxd8 Rxd8 28. Be4 Kg7 29. Rg1 Ne7 30. Bf4 Nhf5 31. Bg5 Rd7 32. Kc2 Kf8 33. a4 a5 34. Rb1 Nc8 35. Bc6 Rc7 36. Bb5 Na7 37. Rd1 Rc8 38. Ba6 Rb8 39. f4 Ke8 40. Kd3 Kd7 41. Ke4+ Kc6 42. Bd8 Ra8 43. Bb5+ Nxb5 44. cxb5+ Kb7 45. Rd7+ Kc8 46. Rxf7 Rb8 47. Bg5 Rb7 48. Rf6 Re7 49. Rf8+ 1-0

[Event "Cheliabinsk Panchenko Memorial op-A"]
[Site "Cheliabinsk"]
[Date "2022.09.14"]
[Round "3"]
[White "Bobylev, Nikita"]
[Black "Pozin, Sergey"]
[Result "1/2-1/2"]
[WhiteElo "2033"]
[BlackElo "2257"]
[PlyCount "91"]
[EventDate "2022.09.12"]
[EventType "swiss"]
[EventRounds "10"]
[EventCountry "RUS"]
[SourceTitle "CBM 210 Extra"]
[Source "ChessBase"]
[SourceDate "2022.11.30"]
[SourceVersion "1"]
[SourceVersionDate "2022.11.30"]
[SourceQuality "1"]

1. d4 Nf6 2. c4 e6 3. Nc3 Bb4 4. e3 b6 5. Bd3 Bb7 6. Nf3 Ne4 7. Qc2 f5 8. 0-0 Bxc3 9. bxc3 0-0 10. Nd2 Qh4 11. f3 Ng5 12. e4 fxe4 13. Nxe4 Nxe4 14. Bxe4 Bxe4 15. Qxe4 Qxe4 16. fxe4 Nc6 17. Bf4 Rac8 18. Rab1 Na5 19. c5 Nc4 20. cxb6 cxb6 21. e5 h6 22. h4 Rf7 23. Bc1 Na5 24. Bd2 Rc4 25. Rb4 h5 26. Rf3 Rxf3 27. gxf3 Rxb4 28. cxb4 Nc4 29. Bc1 b5 30. Kf2 Kf7 31. Ke2 Kg6 32. Kd3 Kf5 33. a4 a6 34. a5 d6 35. exd6 Nxd6 36. Bg5 Nc8 37. d5 e5 38. Ke3 g6 39. Kd3 Nd6 40. Be7 Nf7 41. Ke3 Nh6 42. Bg5 Nf7 43. Be7 Nh6 44. Bg5 Nf7 45. Be7 Nh6 46. Bg5 1/2-1/2

[Event "Cheliabinsk Panchenko Memorial op-A"]
[Site "Cheliabinsk"]
[Date "2022.09.12"]
[Round "1"]
[White "Bobylev, Nikita"]
[Black "Pingin, Artem"]
[Result "1/2-1/2"]
[WhiteElo "2033"]
[BlackElo "2358"]
[PlyCount "60"]
[EventDate "2022.09.12"]
[EventType "swiss"]
[EventRounds "10"]
[EventCountry "RUS"]
[SourceTitle "CBM 210 Extra"]
[Source "ChessBase"]
[SourceDate "2022.11.30"]
[SourceVersion "1"]
[SourceVersionDate "2022.11.30"]
[SourceQuality "1"]

1. d4 Nf6 2. c4 e6 3. Nc3 d5 4. e3 Be7 5. Nf3 0-0 6. b3 b6 7. Bd3 Bb7 8. 0-0 c5 9. cxd5 exd5 10. Ba3 Nbd7 11. Rc1 Rc8 12. dxc5 bxc5 13. Na4 Re8 14. Bb5 Bd6 15. Bxd7 Nxd7 16. Qd3 Re6 17. Rc3 Ba6 18. Qxd5 Bxf1 19. Kxf1 Nb6 20. Nxb6 Qxb6 21. Ng5 Rf6 22. Ne4 Rg6 23. g3 Bf8 24. Bxc5 Qa6+ 25. Kg2 Qxa2 26. Nd6 Bxd6 27. Bxd6 Re8 28. Be5 h6 29. Rc7 Rge6 30. Bd4 a5 1/2-1/2

[Event "Cheliabinsk Panchenko Memorial op-A"]
[Site "Cheliabinsk"]
[Date "2021.09.20"]
[Round "9"]
[White "Ismagilov, Igor"]
[Black "Bobylev, Nikita"]
[Result "1/2-1/2"]
[WhiteElo "2023"]
[BlackElo "1926"]
[PlyCount "117"]
[EventDate "2021.09.13"]
[EventType "swiss"]
[EventRounds "10"]
[EventCountry "RUS"]
[SourceTitle "CBM 204 Extra"]
[Source "ChessBase"]
[SourceDate "2021.11.30"]
[SourceVersion "1"]
[SourceVersionDate "2021.11.30"]
[SourceQuality "1"]

1. d4 Nf6 2. Bf4 b6 3. e3 Bb7 4. Nf3 e6 5. Nbd2 Be7 6. h3 d5 7. Bd3 Nbd7 8. c3 c5 9. 0-0 0-0 10. Qc2 h6 11. a4 a6 12. Rfe1 c4 13. Bf1 b5 14. b3 Nb6 15. Reb1 Bc6 16. Ne5 Qc8 17. Qb2 Nfd7 18. a5 Nxe5 19. dxe5 Nd7 20. b4 f6 21. Nf3 fxe5 22. Nxe5 Nxe5 23. Bxe5 Qd7 24. Qd2 Bd6 25. Bxd6 Qxd6 26. e4 d4 27. cxd4 Bxe4 28. Re1 Bb7 29. Qc3 Rad8 30. Rad1 Rf4 31. Qe3 Re4 32. Qc3 Rxe1 33. Rxe1 Qxd4 34. Qg3 Be4 35. Qf4 Bf5 36. Qc7 Qd6 37. Qb7 c3 38. g4 Bg6 39. Bxb5 c2 40. Ba4 Qd1 41. Rxd1 Rxd1+ 42. Kh2 c1Q 43. Bxd1 Qxd1 44. Qxa6 Qe1 45. Qb6 Be4 46. Qxe6+ Kh7 47. Kg3 Qxb4 48. a6 Qa3+ 49. Kf4 Bd3 50. g5 hxg5+ 51. Kxg5 Qxa6 52. Qxa6 Bxa6 53. f4 Kg8 54. h4 Kh7 55. f5 Be2 56. f6 g6 57. f7 Kg7 58. f8R Kxf8 59. Kxg6 1/2-1/2

[Event "Cheliabinsk Panchenko Memorial op-A"]
[Site "Cheliabinsk"]
[Date "2021.09.19"]
[Round "8"]
[White "Bobylev, Nikita"]
[Black "Kurmangaliyeva, Liya"]
[Result "1/2-1/2"]
[WhiteElo "1926"]
[BlackElo "2287"]
[PlyCount "109"]
[EventDate "2021.09.13"]
[EventType "swiss"]
[EventRounds "10"]
[EventCountry "RUS"]
[SourceTitle "CBM 204 Extra"]
[Source "ChessBase"]
[SourceDate "2021.11.30"]
[SourceVersion "1"]
[SourceVersionDate "2021.11.30"]
[SourceQuality "1"]

1. d4 Nf6 2. c4 e6 3. Nc3 Bb4 4. e3 0-0 5. Bd3 d5 6. Nge2 Re8 7. 0-0 dxc4 8. Bxc4 Nc6 9. a3 Bd6 10. f4 Bf8 11. Kh1 Nb8 12. e4 c5 13. Be3 cxd4 14. Nxd4 a6 15. e5 Nd5 16. Bxd5 exd5 17. Qf3 Nc6 18. Qxd5 Nxd4 19. Qxd4 Bf5 20. Qxd8 Raxd8 21. Rfd1 Bc2 22. Rxd8 Rxd8 23. Kg1 f6 24. Rc1 Bf5 25. exf6 gxf6 26. Kf2 Kf7 27. h3 h5 28. Ne2 Kg6 29. Rc7 Bc8 30. Kf3 Bd6 31. Rc1 Re8 32. Nd4 f5 33. h4 Bd7 34. Kf2 Ba4 35. g3 Bd7 36. Rd1 Bc7 37. Rc1 Bd6 38. Rd1 Bc7 39. Nb3 Bc6 40. Rc1 Bd6 41. Bc5 Ba4 42. Nd2 Bb5 43. Be3 Bc6 44. Nc4 Bc7 45. Bd4 Bd5 46. b3 Be4 47. Be3 Bc6 48. Re1 Bd5 49. Nd2 Re7 50. b4 Bc6 51. Nf3 Rd7 52. Nd4 Bd5 53. Rd1 Be4 54. Rd2 Re7 55. Nb3 1/2-1/2

[Event "Cheliabinsk Panchenko Memorial op-A"]
[Site "Cheliabinsk"]
[Date "2021.09.14"]
[Round "2"]
[White "Bobylev, Nikita"]
[Black "Marchuk, Rostislav"]
[Result "1/2-1/2"]
[WhiteElo "1926"]
[BlackElo "2165"]
[PlyCount "112"]
[EventDate "2021.09.13"]
[EventType "swiss"]
[EventRounds "10"]
[EventCountry "RUS"]
[SourceTitle "CBM 204 Extra"]
[Source "ChessBase"]
[SourceDate "2021.11.30"]
[SourceVersion "1"]
[SourceVersionDate "2021.11.30"]
[SourceQuality "1"]

1. Nf3 d5 2. e3 Nf6 3. c4 e6 4. b3 Be7 5. Bb2 0-0 6. Nc3 c5 7. cxd5 exd5 8. d4 Nc6 9. Rc1 Ne4 10. Be2 cxd4 11. Nxe4 dxe4 12. Nxd4 Qa5+ 13. Bc3 Qg5 14. Nxc6 bxc6 15. g4 Be6 16. h4 Qh6 17. Qd4 Rfd8 18. Qe5 Bd6 19. g5 Qg6 20. h5 Bxe5 21. hxg6 Bxc3+ 22. Rxc3 hxg6 23. Rxc6 a5 24. Bc4 Bg4 25. 0-0 Rac8 26. Rxc8 Rxc8 27. Kg2 Rc5 28. Kg3 Bf3 29. Kh4 Kf8 30. Re1 Ke7 31. Be2 Rf5 32. Bxf3 Rxf3 33. Re2 f6 34. Rc2 Kd6 35. a3 Rf5 36. gxf6 gxf6 37. Kg3 Rb5 38. Rc3 Rd5 39. Rc4 f5 40. b4 Rd3 41. Rd4+ Ke5 42. f4+ Ke6 43. Rxd3 exd3 44. Kf2 axb4 45. axb4 Kd5 46. Ke1 Kc4 47. Kd2 Kxb4 48. Kxd3 Kb3 49. e4 fxe4+ 50. Kxe4 Kc4 51. Ke3 Kd5 52. Kd3 Ke6 53. Ke4 Kf6 54. Ke3 Kf5 55. Kf3 g5 56. fxg5 Kxg5 1/2-1/2

[Event "Urals-ch 78th"]
[Site "Cheliabinsk"]
[Date "2020.09.27"]
[Round "1"]
[White "Remizov, Yaroslav"]
[Black "Bobylev, Nikita"]
[Result "1-0"]
[WhiteElo "2403"]
[BlackElo "1895"]
[PlyCount "73"]
[EventDate "2020.09.27"]
[EventType "swiss"]
[EventRounds "9"]
[EventCountry "RUS"]
[SourceTitle "CBM 198 Extra"]
[Source "ChessBase"]
[SourceDate "2020.11.30"]
[SourceVersion "1"]
[SourceVersionDate "2020.11.30"]
[SourceQuality "1"]

1. Nf3 Nf6 2. c4 e6 3. g3 d5 4. Bg2 Be7 5. 0-0 0-0 6. b3 a5 7. Nc3 Bd7 8. Bb2 a4 9. bxa4 dxc4 10. Ne5 Nd5 11. Qc2 Nc6 12. Nxc4 Ndb4 13. Qb1 Nd4 14. e3 Ndc2 15. a3 Nxa1 16. axb4 Bxb4 17. Bxa1 Bxc3 18. Bxc3 Rxa4 19. Ne5 b6 20. Qd3 Bc8 21. Qb5 Ra7 22. Nc6 Bd7 23. Qe5 f6 24. Qe4 Bxc6 25. Qxe6+ Kh8 26. Qxc6 Qd3 27. Be4 Qd8 28. Rb1 Rf7 29. Rb5 Qd7 30. Rd5 Qc8 31. Rh5 h6 32. Bg6 Qd7 33. Rd5 Qe7 34. Bb4 Ra1+ 35. Kg2 Qxb4 36. Qe8+ Rf8 37. Rd8 1-0

[Event "Cheliabinsk Panchenko Memorial op-A"]
[Site "Cheliabinsk"]
[Date "2020.09.08"]
[Round "2"]
[White "Bobylev, Nikita"]
[Black "Savchenko, Boris"]
[Result "0-1"]
[WhiteElo "1895"]
[BlackElo "2564"]
[PlyCount "50"]
[EventDate "2020.09.07"]
[EventType "swiss"]
[EventRounds "9"]
[EventCountry "RUS"]
[SourceTitle "CBM 198 Extra"]
[Source "ChessBase"]
[SourceDate "2020.11.30"]
[SourceVersion "1"]
[SourceVersionDate "2020.11.30"]
[SourceQuality "1"]

1. d4 Nf6 2. Nf3 e6 3. c4 b6 4. e3 c5 5. Be2 cxd4 6. Nxd4 a6 7. Bf3 Ra7 8. Nc3 Rc7 9. Qd3 d6 10. 0-0 Nfd7 11. b3 Ne5 12. Qd2 Nxf3+ 13. Nxf3 Be7 14. Bb2 Bb7 15. Qd4 Bxf3 16. gxf3 Nd7 17. Ne4 Ne5 18. Kg2 f5 19. Ng3 Rd7 20. f4 Ng4 21. Nh5 Rg8 22. Nxg7+ Kf7 23. Nxe6 Qa8+ 24. f3 Bf6 25. Ng5+ Rxg5 0-1

[Event "Cheliabinsk Panchenko Memorial op"]
[Site "Cheliabinsk"]
[Date "2019.09.15"]
[Round "7"]
[White "Khokhlova, Daria"]
[Black "Bobylev, Nikita"]
[Result "1-0"]
[WhiteElo "2226"]
[BlackElo "1804"]
[PlyCount "115"]
[EventDate "2019.09.09"]
[EventType "swiss"]
[EventRounds "9"]
[EventCountry "RUS"]
[SourceTitle "EXT 2020"]
[Source "ChessBase"]
[SourceDate "2019.10.17"]
[SourceVersion "1"]
[SourceVersionDate "2019.10.17"]
[SourceQuality "1"]

1. d4 Nf6 2. c4 e6 3. g3 d5 4. Nf3 Be7 5. Bg2 0-0 6. 0-0 c6 7. Qc2 Nbd7 8. Nbd2 b6 9. b3 Bb7 10. Bb2 Rc8 11. Rad1 Qc7 12. Qb1 c5 13. cxd5 Bxd5 14. e4 Bb7 15. Rfe1 Rfd8 16. Qa1 cxd4 17. Nxd4 Nc5 18. Nb5 Qd7 19. a4 Nd3 20. Nc4 Qe8 21. Nbd6 Bxd6 22. Rxd3 Be7 23. Rxd8 Rxd8 24. Bxf6 Bxf6 25. e5 Bxg2 26. Kxg2 Qc6+ 27. f3 Be7 28. Rd1 Rd5 29. Qb1 Qd7 30. Rxd5 Qxd5 31. Qc2 Bc5 32. Qd2 Bd4 33. Qd3 a6 34. b4 h6 35. Ne3 Qa2+ 36. Kh3 Bxe5 37. Qxa6 g5 38. a5 Qf2 39. Qa8+ Kg7 40. Qe4 f6 41. a6 Qg1 42. Qb7+ Kg6 43. Qe4+ Kg7 44. f4 Bxf4 45. gxf4 g4+ 46. Nxg4 Qf1+ 47. Qg2 Qxa6 48. Ne5+ Kh8 49. Ng6+ Kg7 50. Nh4+ Kh8 51. Qd2 Qf1+ 52. Qg2 Qa6 53. Qg6 Qf1+ 54. Ng2 Qf3+ 55. Kh4 Qf2+ 56. Kh5 Qf3+ 57. Qg4 Qd5+ 58. Kh4 1-0

[Event "Cheliabinsk Panchenko Memorial op"]
[Site "Cheliabinsk"]
[Date "2019.09.10"]
[Round "2"]
[White "Bobylev, Nikita"]
[Black "Petrukhina, Olga"]
[Result "1-0"]
[WhiteElo "1804"]
[BlackElo "2192"]
[PlyCount "121"]
[EventDate "2019.09.09"]
[EventType "swiss"]
[EventRounds "9"]
[EventCountry "RUS"]
[SourceTitle "EXT 2020"]
[Source "ChessBase"]
[SourceDate "2019.10.17"]
[SourceVersion "1"]
[SourceVersionDate "2019.10.17"]
[SourceQuality "1"]

1. d4 d5 2. c4 e6 3. Nc3 Be7 4. Nf3 Nf6 5. Bg5 h6 6. Bh4 0-0 7. e3 Ne4 8. Bxe7 Qxe7 9. cxd5 Nxc3 10. bxc3 exd5 11. c4 Be6 12. cxd5 Bxd5 13. Bd3 Nd7 14. 0-0 Nf6 15. Rc1 Bxa2 16. Qc2 Bd5 17. Qxc7 Qxc7 18. Rxc7 Rfc8 19. Rcc1 Ne4 20. Ne5 a5 21. Nd7 Rc6 22. Rxc6 bxc6 23. Nb6 Rb8 24. Nxd5 cxd5 25. Bxe4 dxe4 26. Ra1 Rb5 27. Kf1 Kf8 28. Ra2 Ke7 29. Ke2 Rg5 30. g3 Rf5 31. h4 Kd6 32. Rc2 a4 33. Ra2 Ra5 34. Kd2 Kc6 35. Kc3 Kb5 36. Rb2+ Kc6 37. Kc4 Rf5 38. Rc2 Rb5 39. Ra2 Rf5 40. Kb4 Rb5+ 41. Kxa4 Rb1 42. Ka3 g5 43. hxg5 hxg5 44. Rb2 Ra1+ 45. Kb3 f5 46. Rc2+ Kd6 47. Rc5 f4 48. gxf4 gxf4 49. Re5 f3 50. Rxe4 Rf1 51. Rf4 Rxf2 52. Kc3 Rf1 53. Kd3 Kd5 54. Rf5+ Ke6 55. Ke4 f2 56. Rf4 Kd6 57. Kf3 Kd5 58. Ke2 Ra1 59. Kxf2 Ke6 60. Kf3 Ra3 61. Ke4 1-0